00922nam a22003135b 4500001000700000003000900007005001700016007000700033008003300040017000900073020000600082035000600088040002500094080000600119082002700125100004700152245004300199260004600242300002100288500000600309504000600315590002600321650002500347650003700372910004000409942001200449952013000461999001700591 00378DO-SdBNP20230720091920.0 00378931125s1989 cl | |||| ||spa  a b  a  a  aBPMSUbspacBPMSUe  0a  4a861.3 bE65a 19892221 aErcilla y Zúñiga, Alonso ded1533-159413aLa araucana /cAlonso de Ercilla h  aBogota, Colombia : bPanamericana,c1989 a1026 p. ;c16 cm a  a  6Inventariado, 2023/VM 4aPoesía española  4aAraucana xHistoria vPoesía  aVMateo V. Control de calidad. BPMSU 2ddccBK 00102ddc40708CGaBPMETbBPMETd2016-07-14eFUNDIl0oBPMSU CG 861.3 E65a 1989pBPMSU16070472r2016-07-14w2016-07-14yBK c10881d10881